Constraint processing
Αποθηκεύτηκε σε:
| Κύριος συγγραφέας: | |
|---|---|
| Μορφή: | Βιβλίο |
| Γλώσσα: | English |
| Δημοσίευση: |
San Francisco :
Morgan Kaufmann Publishers,
c2003.
|
| Θέματα: | |
| Ετικέτες: |
Προσθήκη ετικέτας
Δεν υπάρχουν, Καταχωρήστε ετικέτα πρώτοι!
|
MARC
| LEADER | 00000cam a2200000 i 4500 | ||
|---|---|---|---|
| 001 | 1/56375 | ||
| 008 | 070928t2003 us ||| eng|| | ||
| 020 | |a 1558608907 | ||
| 035 | |l 10091122 | ||
| 040 | |a GR-MY-UA |b gre |e aacr | ||
| 041 | 0 | |a eng | |
| 082 | 0 | |a 005.11 |2 (22) | |
| 100 | 1 | |a Dechter, Rina |d 1950- | |
| 245 | 1 | 0 | |a Constraint processing / |c Rina Dechter ; with contributions by David Cohen, Peter Jeavons, Francesca Rossi. |
| 260 | |a San Francisco : |b Morgan Kaufmann Publishers, |c c2003. | ||
| 300 | |a xx, 481 σ. : |b εικ. ; |c 24 εκ. | ||
| 504 | |a Βιβλιογραφία: σ. 441-458. Ευρετήριο | ||
| 650 | 0 | 0 | |a Constraint programming (Computer science) |
| 852 | |a INST |b SAMOS |e 20170922 |h 005.11 DEC |p 005300044768 |q 005300044768 |t BK |y 0 | ||
| 852 | |a INST |b SYROS |e 20070928 |h 005.11 DEC |p 005500007097 |q 005500007097 |t BK |y 0 | ||
| 901 | |a BIBL5-2007-3 | ||
| 909 | |a Ε |b 137038 | ||
| 922 | |a 5ΕΛΗ |b 200707 |c ΕΠΕΑΕΚ2/ΤΜΣΠΣ |d ΠΑΠΑΣΩΤΗΡΙΟΥ | ||
| 970 | |a ΚΑΓΙΑΒΑ |b ΕΙΡΗΝΗ |z 2007/09/28 | ||